Natural rubber-based solution adhesives: Effect of carbon black on the adhesive properties (Record no. 75122)
[ view plain ]
| 000 -LEADER | |
|---|---|
| fixed length control field | 01820nam a22001817a 4500 |
| 100 ## - MAIN ENTRY--AUTHOR NAME | |
| Personal name | Shybi, A.A |
| 245 ## - TITLE STATEMENT | |
| Title | Natural rubber-based solution adhesives: Effect of carbon black on the adhesive properties |
| 260 ## - PUBLICATION, DISTRIBUTION, ETC. (IMPRINT) | |
| Name of publisher | Journal of Rubber Research, 24(1): 187-196. |
| 520 ## - SUMMARY, ETC. | |
| Summary, etc | In the retreading industry, generally two types of adhesives say a solid adhesive (bonding gum) and a solution adhesive (black vulcanising cement) are mainly used. In this study, the performance of natural rubber (NR)-based solution adhesive for the rubber to rubber bonding was examined. The effect of different grades of carbon black (CB) say ISAF (N220), HAF (N330) and GPF (N660) as a reinforcing filler in adhesive was evaluated. The loading used was different for the three grades of CB to achieve the required level of hardness for the adhesive. A blend of natural rubber and butadiene rubber (BR) was used as the adherend substrate. The vulcanisation characteristics, mechanical properties, swelling measurements and adhesion strength of different CB-filled NR-based solution adhesive were studied. All the three grades of CB-filled NR-based adhesives showed an increase in the rheometer torque and crosslink density compared to unfilled NR-based adhesive. The incorporation of CB improved the mechanical properties, adhesion strength and thermal stability of NR-based adhesives. CB-filled NR adhesives showed lower solvent uptake compared to unfilled ones. The measured properties of all the three grades of CB-filled NR-based solution adhesives were found to be comparable at the fixed hardness level. |
| 650 ## - SUBJECT ADDED ENTRY--TOPICAL TERM | |
| Topical Term | Adhesive |
| 650 ## - SUBJECT ADDED ENTRY--TOPICAL TERM | |
| Topical Term | Carbon black |
| 650 ## - SUBJECT ADDED ENTRY--TOPICAL TERM | |
| Topical Term | Peel strength |
| 700 ## - ADDED ENTRY--PERSONAL NAME | |
| Personal name | Varghese, S |
| 700 ## - ADDED ENTRY--PERSONAL NAME | |
| Personal name | Vaishak, N |
| 700 ## - ADDED ENTRY--PERSONAL NAME | |
| Personal name | Thomas, S |
| 856 ## - ELECTRONIC LOCATION AND ACCESS | |
| Uniform Resource Identifier | https://doi.org/10.1007/s42464-021-00084-w |
| 942 ## - ADDED ENTRY ELEMENTS (KOHA) | |
| Koha item type | Journals |
| Withdrawn status | Lost status | Damaged status | Not for loan | Home library | Current library | Date acquired | Koha item type |
|---|---|---|---|---|---|---|---|
| RRII Library | RRII Library | 29/11/2023 | Journals |